| Tag |
First Indicator |
Second Indicator |
Subfields |
| LEADER |
00000cas a2200000 4500 |
| 001 |
in00000042266 |
| 005 |
20151007072627.0 |
| 008 |
800606d1uuu1983okuar r 0uuua0eng |
| 010 |
|
|
|a 58017957
|
| 035 |
|
|
|a (OCoLC)06394774
|
| 035 |
|
|
|9 AAE8251AM
|
| 040 |
|
|
|a DLC
|c TXA
|d UtOrBLW
|
| 049 |
|
|
|a TXAE
|
| 050 |
|
0 |
|a TN867
|b .D553
|
| 245 |
0 |
0 |
|a Directory of producers and drilling contractors: Louisiana, Mississippi, Arkansas, Florida, Georgia.
|
| 264 |
|
1 |
|a Tulsa, Okla. :
|b C.L. Cooper.
|
| 300 |
|
|
|a volumes ;
|c 18 cm.
|
| 310 |
|
|
|a Annual
|
| 336 |
|
|
|a text
|b txt
|2 rdacontent
|
| 337 |
|
|
|a unmediated
|b n
|2 rdamedia
|
| 338 |
|
|
|a volume
|b nc
|2 rdacarrier
|
| 362 |
1 |
|
|a Ceased with 1983 edition
|
| 490 |
0 |
|
|a Midwest oil register
|
| 650 |
|
0 |
|a Petroleum industry and trade
|z Southern States
|x Directories.
|
| 760 |
0 |
|
|t Midwest oil register
|
| 785 |
0 |
0 |
|t Oil directory of producers and drilling contractors: Louisiana, Mississippi, Arkansas, Florida, Alabama
|
| 999 |
|
|
|a MARS
|
| 999 |
f |
f |
|s a5efd51b-16ca-3961-ae0b-57abd4b93d49
|i c17e53df-42d8-382e-bd20-1a9619e128d8
|t 0
|
| 952 |
f |
f |
|p ric
|a Texas A&M University
|b Rellis Campus
|c Joint Library Facility
|d Remote Storage
|t 0
|e TN867 .D553
|h Library of Congress classification
|i unmediated -- volume
|l 1982
|m A14807350063
|
| 952 |
f |
f |
|p ric
|a Texas A&M University
|b Rellis Campus
|c Joint Library Facility
|d Remote Storage
|t 0
|e TN867 .D553
|h Library of Congress classification
|i unmediated -- volume
|l 1983
|m A14807311580
|
| 952 |
f |
f |
|p ric
|a Texas A&M University
|b Rellis Campus
|c Joint Library Facility
|d Remote Storage
|t 0
|e TN867 .D553
|h Library of Congress classification
|i unmediated -- volume
|l 1985
|m A14808406095
|
| 998 |
f |
f |
|a TN867 .D553
|s 1948,1954,1956,1958,1967-1983
|t 0
|l Remote Storage
|